LEADER 00928nas a2200217 i 4500 001 000000212107 003 CaOOAMICUS 005 20120327000000.0 008 120327b1987 it uu u0 0ita r 013 $a190936 040 $aSeMil$bita 245 10$aFarsi prossimo nella cittą. 260 $aMilano :$bCentro Sociale Ambrosiano,$c1987. 300 $a48 p. ;$c21 cm. 500 $aIn copertina : Diocesi di Milano, scuola di formazione all'impegno sociale e politico ; Speciale scuola diocesana, sussidio didattico 1. 773 0 $tOrientamenti.$dMilano : Centro Sociale Ambrosiano, 1978-2006.$w()2569 850 $aSeMil 852 $aSeMil$W1$xVenegono$y1$m235 3 13/S1$j162542$B162542$CSeMilBibl$Z2$F173774 $85 961 $aOmaggio: Castiglioni don Tommaso 996 $6245$aFarsi prossimo nella cittą$9(OLS)http://semarc/title/144349 996 $6260$aMilano :$bCentro Sociale Ambrosiano$9(OLS)http://semarc/publisher/30800 LEADER 00662nam a2200169 i 4500 001 000000016798 003 CaOOAMICUS 005 20180830125443.0 008 180830s1949 it u000 u ita u 040 $aSeMil$bita 100 1 $aSimona, Luigi.$0(OLS)http://semarc/name/7722 245 12$aL'arte dello stucco nel Canton Ticino /$cLuigi Simona. 260 $aBellinzona :$bIstituto Editoriale Ticinese,$c1949. 300 $av. ;$c30 cm. 774 0 $tSottoceneri.$kNuova serie$gParte2$w()155390 996 $6245$aL'arte dello stucco nel Canton Ticino$9(OLS)http://semarc/title/22221 996 $6260$aBellinzona :$bIstituto Editoriale Ticinese$9(OLS)http://semarc/publisher/34493